000 00681nam a2200253Ia 4500
003 OSt
005 20220924114539.0
006 a|||||r|||| 00| 0
007 ta
008 220923b |||||||| |||| 00| 0 ara d
024 _a342286
037 _cTextual
040 _aARTS
_cARTS
_bara
041 _2ara
_aara
082 _aQ7v, 28M9
100 _aAsqalani Ibn Hajar Au.
_9174175
245 0 _aAl-istedad liyom al-ma'ad
260 _aBeirut
_bDar-ul-qalam Lebanon
_c1989
300 _a109p.
_ccm.
650 _a PROPHETS
_94238
650 _aISLAM - HISTORY
942 _hQ7v, 28M9
_cTEXL
_2CC
999 _c394124
_d394124